Estoy en Puerto Marte y sin Hilda y otros cuentos

Gespeichert in:
Bibliographische Detailangaben
1. Verfasser: Asimov, Isaac
Format: Buch
Sprache:Undetermined
Veröffentlicht: Madrid, España Alianza 1985
Ausgabe:8
Schlagworte:
Tags: Tag hinzufügen
Keine Tags, Fügen Sie den ersten Tag hinzu!

MARC

LEADER 00000nam a2200000Ia 4500
008 170316s9999 xx 000 0 und d
090 |a F-810 A-11e 
100 |a Asimov, Isaac 
245 |a Estoy en Puerto Marte y sin Hilda y otros cuentos 
250 |a 8 
260 |a Madrid, España 
260 |b Alianza 
260 |c 1985 
300 |a 234 páginas 
650 |a LITERATURA ESTADOUNIDENSE 
650 |a FICCIÓN 
999 |c 28676  |d 28676 
040 |a cru BVZT 
942 |c 15 D  |h F-810 A-11e  |2 z